000 00599nam a2200229Ia 4500
005 20250108125128.0
008 008 250107s9999 xx 000 0 eng d
020 _a978-81-956129-0-1
037 _aTB
040 _aCRL
_beng
_cCRL
041 _aurd
_2eng
084 _aY:1.2'C Q6
084 _qCRL
100 _aGupta Shantanu Au.
_9730446
245 0 _aDastan-e-Yogi
_cGupta Shantanu Au.
260 _aNew Delhi, India
_bMohd Faiz Khan
_c3410
300 _a173p.
365 _aINR
_b1295
650 _aINDIA - HISTORY
942 _cTB
_hY:1.2'C Q6
999 _c1235798
_d1235798